00775cam a22002534a 450000100090000000300040000900500170001300800410003001000170007102000180008804000180010604300120012405000210013608200150015710000350017224501040020725000120031126000430032330000400036650000200040665000290042665000330045565000330048815912321OSt20170213122825.0090918s2010 nyua 001 0 eng  a 2009038816 a9781555953027 aDLCcDLCdDLC an-us---00aN6510.T6C58 200900a709.732221 aCleveland, David Adams.d2009.12aA history of American tonalism :b1880-1920 /cby David A. Cleveland ; foreword by John Wilmerding. a1st Ed. aNew York :bHudson Hills Press,c2009. axxix, 609 p. :bcol. ill. ;c31 cm. aIncludes index. 0aTonalismzUnited States. 0aArt, Americany19th century. 0aArt, Americany20th century.